LDR 00726naa#a2200169#i#450# 001 EN\INFRA-M\bibl\125296 005 20260706002311.1 011 ## _a2500-3305 100 ## _a20260430b2026####ek#y0engy0150####ca 102 ## _aRU 200 1# _aA short-term sketch as a key element of an adaptive methodology for teaching academic drawing to Chinese students at a Russian pedagogical university _eJournal article 210 1# _aMoscow _cINFRA-M Academic Publishing LLC. _d2026 215 ## _a13 с. 608 ## _aJournal article _2local 675 ## _aОрганизация высшего образования. Организация работы высшего учебного заведения. 378.1 _z 700 #1 _aDrozdov _gS. A. 856 4# _anaukaru.ru _u